| 000 | 00384nam a22001457a 4500 | ||
|---|---|---|---|
| 003 | OSt | ||
| 008 | 260417b |||||||| |||| 00| 0 eng d | ||
| 082 |
_a581.2326 _bS15S |
||
| 245 | _aStudies on Alternaria Leaf Spot of Bakla and Its Management | ||
| 260 |
_aPusa, Samastipur _bRAU, Pusa _c2001 |
||
| 300 | _a74P. | ||
| 502 |
_bMsc. _d2001 |
||
| 650 | _aPlant Pathology | ||
| 942 |
_2ddc _cT |
||
| 999 |
_c50081 _d50081 |
||